000 00266 a2200133 4500
001 64394
040 _cAnchieta - Pituba
240 1 0 _aNas asas da palavra
_lpor
245 1 0 _aNas asas da palavra
300 _a94
362 0 _a2011
650 4 _aPoesia
942 _cBK
999 _c64394
_d64394